000 00912nam a2200205 a 4500
003 0
005 20250609143750.0
008 021115s19uu xx 00 eng d
050 _aPGS LC 1099.3
_b.D564 1999
100 _aDiestro, Christine del Feliz Valderrama.
245 _aBenefits of the students about their experience in the global village program of Southville International School S.Y. 1998-1999 /
_cChristine del Feliz Valderrama Diestro.
260 _aLas PiƱas City, Philippines :
_bSouthville International School and Colleges,
_c1999.
300 _a28 pages :
_bcolored illustrations ;
_c28 cm.
504 _aIncludes bibliographical references.
650 _aIntercultural education.
650 _aMulticultural education
_vPrograms
_vEvaluation.
650 _aCultural awareness
_vStudy and teaching (Elementary).
650 _a Language and culture
_vStudy and teaching.
942 _2lcc
_cPASS
999 _c96189
_d96189